000 00444nam a2200157Ia 4500
008 090123s9999 xx 000 0 und d
082 _b43356
245 _aबॉर्न कन्फ्युज्ड
250 _a1
260 _c2008
300 _a457
630 _aबॉर्न कन्फ्युज्ड
700 _aनरवणे सुधा
730 _aबॉर्न कन्फ्युज्ड
942 _cBOOK
999 _c81463
_d81463